| 000 | 00830nam a2200253Ia 4500 | ||
|---|---|---|---|
| 003 | OSt | ||
| 005 | 20220930071044.0 | ||
| 006 | a|||||r|||| 00| 0 | ||
| 007 | ta | ||
| 008 | 220926b |||||||| |||| 00| 0 eng d | ||
| 024 | _a7906 | ||
| 037 | _cTheses | ||
| 040 |
_aCRL _cCRL _beng |
||
| 041 |
_2eng _aeng |
||
| 082 | _aX9:8C.2.N8, M2 | ||
| 100 | _aVinod Kumar | ||
| 110 | _aUniversity of Delhi. Faculty of Commerce and Business. Department of Commerce | ||
| 245 | 0 |
_aProdictive capability and useulness of financial ratios _b An empirical study of some selected Indian industrial units |
|
| 260 | _c1982 | ||
| 650 | _aCOMMERCE | ||
| 700 | _aUniversity of Delhi. Faculty of Commerce and Business. Department of Commerce | ||
| 942 |
_hX9:8C.2.N8, M2 _cDIS _2CC |
||
| 999 |
_c861801 _d861801 |
||